| 000 | 01318nam a2200265Ia 4500 | ||
|---|---|---|---|
| 001 | 136196 | ||
| 003 | 228177 | ||
| 005 | 20241203064955.0 | ||
| 008 | ||||||s2013 ck gsm ||| ||spa|| | ||
| 040 |
_aCO-BoESAP _bspa _cCO-BoESAP |
||
| 090 | _aBOG157 2013 | ||
| 100 | 1 |
_aVizcaino Bejarano, Jesús Augusto _9165908 |
|
| 245 | 1 | 0 |
_aManual de procesos y procedimientos para el área de Costos del Instituto Colombiano para la Evaluación de la Educación Superior (ICFES) / _cJesús Augusto Vizcaino Bejarano ; director de tesis Juan Sergio Cruz Merchán. |
| 260 |
_aBogotá : _bEscuela Superior de Administración Pública, _c2013. |
||
| 300 | _a1 CD-ROM : | ||
| 504 | _aBibliografía: p. 30. | ||
| 562 | _e1 | ||
| 610 | 0 |
_aEscuela Superior de Administración Pública (Bogotá) _vTESIS Y DISERTACIONES ACADÉMICAS _9218587 |
|
| 650 | 1 | 0 |
_aAdministradores Públicos (Bogotá) _9135945 |
| 650 |
_aINSTITUTO COLOMBIANO PARA LA EVALUACION DE LA EDUCACION (BOGOTA). AREA DE COSTOS--MANUAL DE PROCEDIMIENTOS _9165909 |
||
| 650 |
_aINSTITUTO COLOMBIANO PARA LA EVALUACION DE LA EDUCACION (BOGOTA). AREA DE COSTOS--OBJETIVOS Y FUNCIONES _9165910 |
||
| 650 |
_aMEDICIONES Y PRUEBAS EDUCATIVAS--COLOMBIA--MANUALES _9165911 |
||
| 700 | 1 |
_9179712 _aCruz Merchán, Juan Sergio _edirector de tesis |
|
| 942 |
_cTESIS _2ddc |
||
| 999 |
_c136196 _d136196 |
||